Statistics for Countries with the Most Births

Click here to take the quiz!

General Stats

  • This quiz has been taken 59 times
  • The average score is 12 of 15

Answer Stats

NoCountryBirths (Annually)% Correct
#2China82,000
98%
#6United States21,000
96%
#1India126,000
95%
#10Brazil14,000
91%
#4Pakistan27,000
86%
#5Indonesia24,000
84%
#3Nigeria37,000
84%
#15Russia9,000
81%
#11Egypt12,000
77%
#7D.R Congo17,000
75%
#12Philippines12,000
75%
#9Bangladesh15,000
74%
#8Ethiopia16,000
74%
#13Tanzania11,000
61%
#14Uganda9,000
51%

Score Distribution

Percentile by Number Answered

Percent of People with Each Score

Your Score History

You have not taken this quiz